Most Popular Songs in USA 5/10/2025 - Statistics

General Stats
  • This quiz has been taken 13 times
  • The average score is 6 of 15
Answer Stats
Rank Artist (Version) Answer Streams Radio Airplay Sales % Correct
3. Lady GaGa, Bruno Mars Die With A Smile 16.8 Million 53.9 Million 3 Thousand
92%
10. Doechii Anxiety 11 Million 53.7 Million 4 Thousand
67%
9. Benson Boone Beautiful Things 15.2 Million 37.7 Million 3 Thousand
67%
12. Billie Eilish Birds Of A Feather 12.9 Million 37.8 Million 2 Thousand
67%
1. Kendrick Lamar, SZA Luther 20.5 Million 68.9 Million 2 Thousand
58%
5. Shaboozey A Bar Song (Tipsy) 17.1 Million 43.3 Million 3 Thousand
50%
7. Teddy Swims Lose Control 17.3 Million 35 Million 2.5 Thousand
42%
4. Drake Nokia 18.7 Million 29.5 Million 3 Thousand
42%
2. Alex Warren Ordinary 21.5 Million 20.1 Million 7.5 Thousand
42%
6. Chappell Roan Pink Pony Club 14 Million 46.6 Million 5.5 Thousand
33%
14. Post Malone, Morgan Wallen I Had Some Help 13.1 Million 29.3 Million 1 Thousand
25%
11. BigXthaPlug, Bailey Zimmerman All The Way 20.1 Million 1.4 Million 2 Thousand
8%
8. Morgan Wallen I'm The Problem 16.6 Million 33.1 Million 3 Thousand
8%
13. Morgan Wallen Just In Case 16.4 Million 9.8 Million 2 Thousand
8%
15. Leon Thomas Mutt 13.1 Million 24.2 Million 1.5 Thousand
8%
No matching quizzes found
Score Distribution
Percent of People with Each Score
Percentile by Number Answered
Your Score History
You have not taken this quiz